[Event "TUN-ch Prel"]
[Site "Monastir"]
[Date "2024.12.22"]
[Round "3"]
[White "Mallek, Saif"]
[Black "Zouari, Mohanned"]
[Result "0-1"]
[WhiteElo "1629"]
[BlackElo "1807"]
[PlyCount "60"]
[EventDate "2024.12.21"]
[EventType "swiss"]
[EventRounds "9"]
[EventCountry "TUN"]
[SourceTitle "CB02_2025"]
[SourceDate "2025.01.08"]
[SourceVersion "1"]
[SourceVersionDate "2025.01.08"]
[SourceQuality "1"]

1. e4 e6 2. d4 d5 3. e5 c5 4. c3 Nc6 5. Nf3 Qb6 6. Be2 Bd7 7. 0-0 Nge7 8. Na3 cxd4 9. cxd4 Nf5 10. Nc2 h5 11. b3 Be7 12. Bb2 g5 13. Nfe1 g4 14. f3 g3 15. h3 Nxe5 16. f4 Nc6 17. Bxh5 Bf6 18. Bg4 Nd6 19. Nf3 Ne4 20. Re1 0-0-0 21. Qc1 Kb8 22. Qe3 Rdg8 23. Ne5 Nxe5 24. fxe5 Rxg4 25. hxg4 Bg5 26. Qf3 Qd8 27. Rxe4 Rh1+ 28. Kxh1 Qh8+ 29. Kg1 Qh2+ 30. Kf1 Bb5+ 0-1

[Event "Africa-ch U20"]
[Site "Bejaia"]
[Date "2022.11.19"]
[Round "9"]
[White "Nhamuave, Eleazar"]
[Black "Zouari, Mohanned"]
[Result "1/2-1/2"]
[WhiteElo "1706"]
[BlackElo "1661"]
[PlyCount "56"]
[EventDate "2022.11.13"]
[EventType "swiss"]
[EventRounds "9"]
[EventCountry "ALG"]
[SourceTitle "CBM 211 Extra"]
[Source "ChessBase"]
[SourceDate "2023.01.31"]
[SourceVersion "1"]
[SourceVersionDate "2023.01.31"]
[SourceQuality "1"]

1. d4 Nf6 2. c4 e6 3. Nf3 d5 4. g3 Be7 5. Bg2 0-0 6. 0-0 dxc4 7. Ne5 Nc6 8. Nxc6 bxc6 9. Bxc6 Rb8 10. Nc3 Bb7 11. Bxb7 Rxb7 12. Rb1 c5 13. dxc5 Bxc5 14. Bg5 h6 15. Bxf6 Qxf6 16. Ne4 Qe5 17. Nxc5 Qxc5 18. Qc2 Qe5 19. Qxc4 Rxb2 20. Rxb2 Qxb2 21. Rd1 Qb7 22. a4 Rc8 23. Qd3 a5 24. Rb1 Qc7 25. Rb5 Re8 26. Kh1 Kh8 27. Kg1 Kg8 28. Kh1 Kh8 1/2-1/2

[Event "Africa-ch U20"]
[Site "Bejaia"]
[Date "2022.11.15"]
[Round "4"]
[White "Junior, Domingos"]
[Black "Zouari, Mohanned"]
[Result "1-0"]
[WhiteElo "2072"]
[BlackElo "1661"]
[PlyCount "79"]
[EventDate "2022.11.13"]
[EventType "swiss"]
[EventRounds "9"]
[EventCountry "ALG"]
[SourceTitle "CBM 211 Extra"]
[Source "ChessBase"]
[SourceDate "2023.01.31"]
[SourceVersion "1"]
[SourceVersionDate "2023.01.31"]
[SourceQuality "1"]

1. e4 g6 2. d4 Bg7 3. Nc3 d6 4. Bc4 e6 5. f3 Nd7 6. Be3 b6 7. Nge2 Bb7 8. Qd2 h6 9. g4 Ne7 10. Bb3 a6 11. Nf4 Nf8 12. 0-0-0 Qd7 13. h4 0-0-0 14. Rhg1 Kb8 15. Qf2 Qc8 16. Nfe2 Nd7 17. f4 c5 18. dxc5 Nxc5 19. Bd4 Bxd4 20. Qxd4 Nc6 21. Qf6 Nxb3+ 22. axb3 Qc7 23. Nd4 h5 24. f5 Nxd4 25. Rxd4 Qc5 26. b4 Qe5 27. Qxe5 dxe5 28. Rxd8+ Rxd8 29. fxg6 fxg6 30. gxh5 gxh5 31. Rg5 Rd4 32. Rxe5 Rxb4 33. Rxe6 Kc7 34. Re7+ Kc8 35. b3 Rd4 36. Re5 b5 37. Rxh5 b4 38. Nd5 Bxd5 39. Rxd5 Rxe4 40. Rc5+ 1-0

[Event "Africa-ch U20"]
[Site "Bejaia"]
[Date "2022.11.14"]
[Round "2"]
[White "Adrar, Sofiane"]
[Black "Zouari, Mohanned"]
[Result "1-0"]
[WhiteElo "1654"]
[BlackElo "1661"]
[PlyCount "55"]
[EventDate "2022.11.13"]
[EventType "swiss"]
[EventRounds "9"]
[EventCountry "ALG"]
[SourceTitle "CBM 211 Extra"]
[Source "ChessBase"]
[SourceDate "2023.01.31"]
[SourceVersion "1"]
[SourceVersionDate "2023.01.31"]
[SourceQuality "1"]

1. e4 g6 2. Nf3 Bg7 3. d4 d6 4. Bc4 e6 5. Nc3 Nd7 6. Bg5 Ne7 7. Qd2 h6 8. Be3 b6 9. 0-0-0 Bb7 10. h4 a6 11. Bd3 b5 12. h5 g5 13. Nh2 c5 14. dxc5 dxc5 15. Be2 b4 16. Na4 Bxe4 17. Qxd7+ Qxd7 18. Rxd7 Kxd7 19. Nxc5+ Kc6 20. Nxe4 f5 21. Nc5 e5 22. Ne6 Bf6 23. Bc4 e4 24. g3 Rac8 25. Rd1 Be5 26. Bc5 Kb7 27. Rd7+ Kb8 28. Rxe7 1-0

[Event "Africa-ch U20"]
[Site "Bejaia"]
[Date "2022.11.13"]
[Round "1"]
[White "Zouari, Mohanned"]
[Black "Karsten, Jan"]
[Result "0-1"]
[WhiteElo "1661"]
[BlackElo "2058"]
[PlyCount "67"]
[EventDate "2022.11.13"]
[EventType "swiss"]
[EventRounds "9"]
[EventCountry "ALG"]
[SourceTitle "CBM 211 Extra"]
[Source "ChessBase"]
[SourceDate "2023.01.31"]
[SourceVersion "1"]
[SourceVersionDate "2023.01.31"]
[SourceQuality "1"]

1. e4 c5 2. Nc3 d6 3. f4 g6 4. Nf3 Bg7 5. g3 Nc6 6. Bg2 Nf6 7. 0-0 0-0 8. d3 Rb8 9. a4 a6 10. h3 b5 11. axb5 axb5 12. g4 b4 13. Ne2 Nd7 14. f5 Bb7 15. Nf4 Nce5 16. g5 Nxf3+ 17. Bxf3 Ne5 18. Bg2 Qd7 19. fxg6 hxg6 20. Qe2 Ra8 21. Bd2 e6 22. Qf2 Rxa1 23. Rxa1 Ra8 24. Qe1 Qe7 25. h4 Ba6 26. Kh1 b3 27. c4 Nc6 28. e5 Bb7 29. Be3 Rxa1 30. Qxa1 dxe5 31. Qa4 exf4 32. Bxf4 Bxb2 33. Bxc6 Bxc6+ 34. Qxc6 0-1

[Event "Sousse BICA op 1st"]
[Site "Sousse"]
[Date "2021.12.27"]
[Round "5"]
[White "Zouari, Mohanned"]
[Black "Rekik, Ismail"]
[Result "0-1"]
[WhiteElo "1629"]
[BlackElo "1920"]
[PlyCount "160"]
[EventDate "2021.12.24"]
[EventType "swiss"]
[EventRounds "9"]
[EventCountry "TUN"]
[SourceTitle "CBM 205 Extra"]
[Source "ChessBase"]
[SourceDate "2022.01.31"]
[SourceVersion "1"]
[SourceVersionDate "2022.01.31"]
[SourceQuality "1"]

1. e4 e6 2. d4 c5 3. f4 cxd4 4. Qxd4 Nc6 5. Qf2 Nf6 6. e5 Ne4 7. Qe3 d5 8. exd6 Nxd6 9. Bd3 Nb4 10. Bd2 Nxd3+ 11. Qxd3 Qb6 12. Bc3 Bd7 13. Na3 0-0-0 14. 0-0-0 Bc6 15. Nf3 Ne4 16. Nc4 Qc7 17. Qxd8+ Qxd8 18. Rxd8+ Kxd8 19. Bd4 Bc5 20. Bxc5 Nxc5 21. Nfe5 Ke7 22. Nxc6+ bxc6 23. Ne5 Rc8 24. Rd1 f6 25. Nc4 Nd7 26. Rd3 h6 27. Kd2 g5 28. fxg5 hxg5 29. Rh3 e5 30. g4 Rb8 31. b3 Rb5 32. Ne3 Ra5 33. Nf5+ Kd8 34. a4 Rd5+ 35. Kc3 a5 36. Rh7 Rd1 37. Ne7 Kc7 38. Ng8 Kd6 39. Ne7 Rg1 40. Nf5+ Kc7 41. h3 Rd1 42. Ne3 Rd4 43. Nc4 Rd5 44. b4 axb4+ 45. Kxb4 Rd1 46. a5 Rb1+ 47. Kc3 Kd8 48. Rh8+ Kc7 49. Rh7 Kd8 50. Rf7 Nc5 51. Rf8+ Kc7 52. Rf7+ Kd8 53. Na3 Rb8 54. Kc4 Nd7 55. c3 Rb2 56. a6 Rb6 57. Nc2 Rxa6 58. Nb4 Rb6 59. Rh7 Kc7 60. Nd3 Rb5 61. Nf2 Kd6 62. Ne4+ Ke6 63. Rh6 Ke7 64. Rh7+ Ke6 65. Rh6 Nb6+ 66. Kd3 Nd5 67. c4 Nf4+ 68. Kc2 Rb4 69. Rxf6+ Kd7 70. Kc3 Rb1 71. Nxg5 Rc1+ 72. Kb3 Re1 73. Kb4 Nd3+ 74. Kc3 Nf4 75. Rf5 Re3+ 76. Kb4 Nd3+ 77. Ka5 Nf4 78. c5 Nd5 79. Rf7+ Ke8 80. Rf1 Ra3# 0-1

[Event "TUN-ch U20"]
[Site "Monastir"]
[Date "2021.09.05"]
[Round "8"]
[White "Zouari, Mohanned"]
[Black "Skhiri, Youssef"]
[Result "1-0"]
[WhiteElo "1597"]
[BlackElo "1111"]
[PlyCount "46"]
[EventDate "2021.09.01"]
[EventType "tourn"]
[EventRounds "9"]
[EventCountry "TUN"]
[SourceTitle "EXT 2023"]
[Source "ChessBase"]
[SourceDate "2022.10.05"]
[SourceVersion "1"]
[SourceVersionDate "2022.10.05"]
[SourceQuality "1"]

1. e4 e5 2. Nf3 Nc6 3. Bc4 Bc5 4. d4 exd4 5. Ng5 Nh6 6. Nxf7 Nxf7 7. Bxf7+ Kxf7 8. Qh5+ g6 9. Qxc5 d6 10. Qb5 Re8 11. Bg5 Rxe4+ 12. Kd2 Qe8 13. Na3 Re5 14. Qb3+ Be6 15. Qf3+ Rf5 16. Bf4 Bd5 17. Qh3 Rxf4 18. Qxh7+ Kf8 19. Qh6+ Kg8 20. Qxf4 Qf7 21. Qxf7+ Kxf7 22. f3 Re8 23. b3 Ne5 1-0

[Event "Bouhjar BICA Blitz op 04"]
[Site "Bouhjar"]
[Date "2021.04.04"]
[Round "7"]
[White "Chorfen, Youssef"]
[Black "Zouari, Mohanned"]
[Result "0-1"]
[WhiteElo "1712"]
[BlackElo "1597"]
[PlyCount "96"]
[EventDate "2021.04.04"]
[EventType "swiss (blitz)"]
[EventRounds "9"]
[EventCountry "TUN"]
[SourceTitle "CBM 201 Extra"]
[Source "ChessBase"]
[SourceDate "2021.05.31"]
[SourceVersion "1"]
[SourceVersionDate "2021.05.31"]
[SourceQuality "1"]

1. e4 c5 2. Nf3 d6 3. d3 g6 4. Be2 Bg7 5. 0-0 Nc6 6. c3 Nf6 7. h3 0-0 8. Be3 e5 9. Nbd2 b5 10. a4 bxa4 11. Rxa4 Bd7 12. Ra1 Rb8 13. Nc4 Qc7 14. Qc2 Rfd8 15. Rfd1 Ne7 16. Bg5 Bb5 17. Ra3 Bxc4 18. dxc4 h6 19. Be3 Ne8 20. Rda1 Rb7 21. Qd2 Kh7 22. Ra6 Nc6 23. R1a2 Bf8 24. Nh2 Bg7 25. Ng4 h5 26. Nh2 Bf8 27. Nf3 f6 28. Qd5 Ne7 29. Qd1 Rdb8 30. g3 Nc6 31. Qd2 Ne7 32. Kg2 Nc6 33. Bd1 Rb6 34. R6a4 R8b7 35. R4a3 Nd8 36. Ba4 Ng7 37. g4 hxg4 38. hxg4 Kg8 39. Qd5+ Qf7 40. Qxf7+ Nxf7 41. Bd1 Rxb2 42. Rxa7 Rxa7 43. Rxa7 Ne6 44. Ra8 Rb1 45. Ba4 Ra1 46. Bc6 Ra2 47. Ra6 Rxa6 48. Ba8 Rxa8 0-1

[Event "Bouhjar BICA Blitz op 04"]
[Site "Bouhjar"]
[Date "2021.04.04"]
[Round "6"]
[White "Zouari, Mohanned"]
[Black "Bousrih, Maher"]
[Result "1-0"]
[WhiteElo "1597"]
[BlackElo "1799"]
[PlyCount "53"]
[EventDate "2021.04.04"]
[EventType "swiss (blitz)"]
[EventRounds "9"]
[EventCountry "TUN"]
[SourceTitle "CBM 201 Extra"]
[Source "ChessBase"]
[SourceDate "2021.05.31"]
[SourceVersion "1"]
[SourceVersionDate "2021.05.31"]
[SourceQuality "1"]

1. e4 c5 2. Nc3 Nc6 3. f4 g6 4. Nf3 Bg7 5. Bb5 Nd4 6. 0-0 e6 7. d3 Ne7 8. Be3 Nxb5 9. Nxb5 d6 10. e5 Nf5 11. Bd2 a6 12. Nxd6+ Nxd6 13. exd6 Bxb2 14. Rb1 Bf6 15. Ne5 Qxd6 16. Bc3 Qe7 17. Qf3 0-0 18. g4 Bg7 19. Rbe1 Qd6 20. h4 f6 21. Nc4 Qc7 22. f5 exf5 23. gxf5 Bxf5 24. Qd5+ Kh8 25. Re2 Rad8 26. Qf3 b5 27. Ne3 1-0

[Event "Bouhjar BICA Blitz op 04"]
[Site "Bouhjar"]
[Date "2021.04.04"]
[Round "3"]
[White "Zouari, Mohanned"]
[Black "Mabrouk, Fathi Ben Salah"]
[Result "1/2-1/2"]
[WhiteElo "1597"]
[BlackElo "2086"]
[PlyCount "145"]
[EventDate "2021.04.04"]
[EventType "swiss (blitz)"]
[EventRounds "9"]
[EventCountry "TUN"]
[SourceTitle "CBM 201 Extra"]
[Source "ChessBase"]
[SourceDate "2021.05.31"]
[SourceVersion "1"]
[SourceVersionDate "2021.05.31"]
[SourceQuality "1"]

1. e4 e5 2. Nf3 Nc6 3. Bc4 Bc5 4. d4 exd4 5. Ng5 Nh6 6. Nxf7 Nxf7 7. Bxf7+ Kxf7 8. Qh5+ g6 9. Qxc5 d6 10. Qc4+ Be6 11. Qe2 Qh4 12. 0-0 Kg7 13. Nd2 Rae8 14. Nf3 Qh5 15. Qd3 Qc5 16. Rd1 Bg4 17. Bd2 Bxf3 18. Qxf3 Rhf8 19. Qg4 Qh5 20. Qxh5 gxh5 21. f3 Ne5 22. Be1 c5 23. b4 Nc4 24. bxc5 dxc5 25. c3 dxc3 26. Bxc3+ Kg8 27. Rd7 Rf7 28. Rxf7 Kxf7 29. Rc1 Nd6 30. Bd2 b6 31. Bf4 Nb5 32. a4 Nd4 33. Kf2 Ke6 34. Be3 Rd8 35. Bxd4 Rxd4 36. a5 Rd2+ 37. Kg3 Rb2 38. axb6 axb6 39. f4 Rb3+ 40. Kh4 Rb4 41. Re1 c4 42. Kg5 c3 43. f5+ Ke5 44. f6 Rd4 45. f7 Rd8 46. Rc1 Rf8 47. Rxc3 Rxf7 48. Kxh5 Kxe4 49. Rb3 Rf6 50. Kg5 Rc6 51. g4 Kd4 52. h4 Kc4 53. Rb1 b5 54. Kf5 b4 55. Rc1+ Kd5 56. Rxc6 Kxc6 57. Ke4 Kd6 58. Kd4 b3 59. Kc3 Ke5 60. h5 Kf4 61. Kxb3 Kxg4 62. Kc3 Kxh5 63. Kd2 Kg4 64. Ke1 Kh3 65. Kf1 Kg3 66. Kg1 h6 67. Kh1 h5 68. Kg1 h4 69. Kh1 Kh3 70. Kg1 Kg3 71. Kh1 Kf2 72. Kh2 Kf3 73. Kh1 1/2-1/2

[Event "Arab-ch U16"]
[Site "Hammamet"]
[Date "2018.10.28"]
[Round "1.3"]
[White "Sameer, Loay"]
[Black "Zouari, Mohanned"]
[Result "1-0"]
[WhiteElo "2085"]
[BlackElo "1595"]
[PlyCount "57"]
[EventDate "2018.10.28"]
[EventType "swiss"]
[EventRounds "9"]
[EventCountry "TUN"]
[SourceTitle "EXT 2024"]
[Source "ChessBase"]
[SourceDate "2023.10.10"]
[SourceVersion "1"]
[SourceVersionDate "2023.10.10"]
[SourceQuality "1"]

1. Nf3 Nf6 2. g3 g6 3. Bg2 Bg7 4. 0-0 0-0 5. d3 d5 6. c3 c5 7. Qa4 Bd7 8. Qh4 Nc6 9. e4 dxe4 10. dxe4 Ng4 11. h3 Nge5 12. Nxe5 Nxe5 13. Rd1 Qc8 14. Na3 c4 15. Bg5 f6 16. Be3 Nd3 17. Rab1 Rd8 18. Nc2 Ba4 19. Rd2 Bxc2 20. Rxc2 Qc6 21. e5 Qa4 22. b3 Qa6 23. exf6 Bxf6 24. Qxc4+ Qxc4 25. bxc4 Rac8 26. Bd5+ Kf8 27. Rxb7 Be5 28. Rb5 a6 29. Ra5 1-0